C. L. Sonnichsen /

Bibliographic Details
Main Author: Roach, Joyce Gibson
Format: Book
Language:English
Published: Boise, Idaho : Boise State University, [1979]
Series:Boise State University western writers series ; no. 40.
Subjects:

MARC

Tag First Indicator Second Indicator Subfields
LEADER 00000cam a2200000 i 4500
001 in00000008540
005 20151003070017.0
008 800602s1979 idu b s00010beng
010 |a  79053653  
020 |a 0884300641 :  |c $2.00 
035 |a (OCoLC)06008030 
035 |9 AAA0934AM 
040 |a DLC  |c DLC  |d m.c.  |d TXA  |d UtOrBLW 
043 |a n-ust-- 
050 0 0 |a E175.5.S66  |b R63 
082 0 |a 979/.0072/024  |a B 
100 1 |a Roach, Joyce Gibson. 
245 1 0 |a C. L. Sonnichsen /  |c by Joyce Gibson Roach. 
264 1 |a Boise, Idaho :  |b Boise State University,  |c [1979] 
264 4 |c ©1979 
300 |a 48 pages ;  |c 21 cm. 
336 |a text  |b txt  |2 rdacontent 
337 |a unmediated  |b n  |2 rdamedia 
338 |a volume  |b nc  |2 rdacarrier 
490 1 |a Boise State University Western writers series ;  |v no. 40 
504 |a Bibliography: pages 45-48. 
600 1 0 |a Sonnichsen, C. L.  |q (Charles Leland),  |d 1901-1991. 
651 0 |a Southwest, New  |x Historiography. 
650 0 |a Historians  |z United States  |v Biography. 
830 0 |a Boise State University western writers series ;  |v no. 40. 
999 |a MARS 
999 f f |s b295a85a-ef7e-331c-bed1-4d0bf5a5e39b  |i 5c92c270-abdb-31f0-855b-d7b991b42c19  |t 0 
952 f f |p ric  |a Texas A&M University  |b Rellis Campus  |c Joint Library Facility  |d Remote Storage  |t 0  |e E175.5.S66 R63  |h Library of Congress classification  |i unmediated -- volume  |m A14812616246 
998 f f |a E175.5.S66 R63  |t 0  |l Remote Storage